000 00476nam a22001697a 4500
999 _c40553
_d40553
003 OSt
005 20210108104523.0
008 191010b ||||| |||| 00| 0 eng d
020 _a8184230028
040 _coclc
082 _a894.812301
_bSET/M
100 _aSethu
_96440
245 _aMalayalathinte Suvarnakathakal /
_cSethu
260 _aThrissur:
_bGreen Books,
_c2019.
300 _a215p
942 _2ddc
_cBK
_h894.812301
_iSET/M
_k894.812301
_mSET/M